Наука самоосознания: [перевод]

Մատենագիտական մանրամասներ
Հիմնական հեղինակ: Шри Шримад А. Ч. Б. С. П. А.Ч. Бхактиведанта Свами Прабхупада
Լեզու:ռուսերեն
Հրապարակվել է: [Б. м.], Бхактиведанта, 1991
Խորագրեր:
Ձևաչափ: Գիրք
KOHA link:https://koha.lib.tpu.ru/cgi-bin/koha/opac-detail.pl?biblionumber=20282

MARC

LEADER 00000nam0a2200000 4500
001 20282
005 20231101205340.0
010 |a 5861750505 
035 |a (RuTPU)RU\TPU\book\20460 
035 |a BOOK00005149 
090 |a 20282 
100 |a 20011209d1991 k y0rusy50 ca 
101 1 |a rus 
102 |a RU 
105 |a y z 000zy 
200 1 |a Наука самоосознания  |e [перевод]  |f А. Ч. Б. С. П. Шри Шримад 
210 |a [Б. м.]  |c Бхактиведанта  |d 1991 
215 |a 477 с. 
606 1 |a Индийская философия  |2 stltpush  |3 (RuTPU)RU\TPU\subj\12501  |9 39277 
610 1 |a философия 
610 1 |a индийская философия 
610 1 |a история 
610 1 |a религиозная философия 
686 |a Ю3(5Ид)  |v LBC/SL-A  |2 rubbk 
700 1 |a Шри Шримад  |b А. Ч. Б. С. П.  |g А.Ч. Бхактиведанта Свами Прабхупада 
801 0 |a RU  |b 63413507  |c 20011209  |g PSBO 
801 2 |a RU  |b 63413507  |c 20150127  |g PSBO 
942 |c BK